|
|
|
|
| LEADER |
01978nam a2200433Ia 4500 |
| 001 |
EBC3572027 |
| 003 |
MiAaPQ |
| 005 |
20200520144314.0 |
| 006 |
m o d | |
| 007 |
cr cn||||||||| |
| 008 |
031020s2003 ne a sb 101 0 eng d |
| 020 |
|
|
|z 9076998248 (pbk.)
|
| 020 |
|
|
|z 9789076998244
|
| 020 |
|
|
|z 9789086865208
|
| 035 |
|
|
|a (MiAaPQ)EBC3572027
|
| 035 |
|
|
|a (Au-PeEL)EBL3572027
|
| 035 |
|
|
|a (CaPaEBR)ebr10686752
|
| 035 |
|
|
|a (OCoLC)846996225
|
| 040 |
|
|
|a MiAaPQ
|c MiAaPQ
|d MiAaPQ
|
| 050 |
|
4 |
|a SF768
|b .E23 2003
|
| 111 |
2 |
|
|a EAAP-Symposium on Energy and Protein Metabolism and Nutrition
|d (2003 :
|c Warnemunde (Rostock, Germany))
|
| 245 |
1 |
0 |
|a Progress in research on energy and protein metabolism
|h [electronic resource] /
|c editors, W.B. Souffrant and C.C. Metges.
|
| 260 |
|
|
|a Wageningen [Netherlands] :
|b Wageningen Academic Publishers,
|c 2003.
|
| 300 |
|
|
|a 840 p. :
|b ill.
|
| 490 |
1 |
|
|a EAAP publication,
|x 0071-2477 ;
|v no. 109
|
| 500 |
|
|
|a "EAAP-Symposium on Energy and Protein Metabolism and Nutrition 2003"--P. [7].
|
| 500 |
|
|
|a Combined proceedings of the 16th Symposium on Energy Metabolism in Animals and the 9th International Symposium on Protein and Nutrition, September 13-18, 2003 in Rostock-Warnemunde, Germany.
|
| 504 |
|
|
|a Includes bibliographical references and indexes.
|
| 533 |
|
|
|a Electronic reproduction. Ann Arbor, MI : ProQuest, 2016. Available via World Wide Web. Access may be limited to ProQuest affiliated libraries.
|
| 650 |
|
0 |
|a Veterinary physiology
|v Congresses.
|
| 650 |
|
0 |
|a Energy metabolism
|v Congresses.
|
| 650 |
|
0 |
|a Proteins
|x Metabolism
|v Congresses.
|
| 650 |
|
0 |
|a Animal nutrition
|v Congresses.
|
| 655 |
|
4 |
|a Electronic books.
|
| 700 |
1 |
|
|a Souffrant, W. B.
|q (Wolfgang-Bernhard)
|
| 700 |
1 |
|
|a Metges, C. C.
|q (Cornelia C.)
|
| 710 |
2 |
|
|a ProQuest (Firm)
|
| 830 |
|
0 |
|a EAAP publication ;
|v no. 109.
|
| 856 |
4 |
0 |
|u https://ebookcentral.proquest.com/lib/matrademy/detail.action?docID=3572027
|z Click to View
|